[Event "29th Czech Open-Rapid 2018"]
[Site "Pardubice"]
[Date "2018.07.18"]
[Round "1"]
[White "Bystrov, Sergej M"]
[Black "Bryzgalin, Kirill"]
[Result "0-1"]
[WhiteElo "2233"]
[BlackElo "2424"]
[Annotator "TA"]
[PlyCount "89"]
[EventDate "2018.07.18"]
[EventType "swiss"]
[EventCountry "CZE"]
[SourceTitle "playchess.com"]
[Source "ChessBase"]
[SourceQuality "1"]

{[%evp 18,89,52,26,33,0,0,0,0,0,5,0,0,0,6,-63,-52,-100,-92,-107,-117,-121,-123,-112,-107,-130,-107,-139,-135,-147,-147,-188,-171,-169,-150,-165,-108,-157,-96,-101,-89,-82,-70,-72,-60,-152,-150,-134,-122,-227,-157,-144,-36,-20,-24,-108,-103,-99,-99,-110,-22,-16,-16,-16,-16,-16,-19,-173,0,-566,-574,-499,-478,-1339]} 1. d4 d5 2. Bf4 c6 3. e3 Qb6 4. Qc1 Bf5 (4... Bg4 5. h3 Bh5 6. c4 e6 7. cxd5 exd5 8. Nc3 Nd7 9. Nge2 Bg6 10. Ng3 Ne7 11. Be2 {1-0 (35) Rakhmanov,A (2653)-Ivanchuk,V (2728) Izmir 2016}) 5. Nf3 e6 6. Be2 {D00: Damenbauernspiele} Nd7 7. O-O h6 8. c4 Ngf6 9. h3 Be7 10. Nc3 {LiveBook: 5 Partien} a5 11. Ne5 $146 ({Vorgänger:} 11. c5 Qa7 12. a3 O-O {1-0 (41) Paragua,M (2492)-Macagno,S (2320) chess.com INT 2017}) 11... O-O 12. Rd1 Rfe8 13. c5 Qa7 14. Bd3 Bxd3 15. Nxd3 b6 16. Na4 (16. cxb6 $11 Nxb6 17. Qc2) 16... bxc5 $15 17. Naxc5 Bxc5 18. Nxc5 Nxc5 19. Qxc5 Qxc5 20. dxc5 e5 21. Bh2 Rab8 22. Rd2 Nd7 23. Rc1 Rb5 24. Rdc2 f6 25. b3 Kf7 26. f3 {[#]} Ke6 (26... a4 $1 $19 {[%mdl 512]} 27. bxa4 Rb4) 27. Bg3 {[#]} Ra8 ({Lieber} 27... a4 $1 {[%mdl 512]} 28. bxa4 Ra5) 28. Be1 $17 g5 29. g4 Rd8 30. Kg2 Nb8 31. a4 ({Besser ist} 31. h4 $15) 31... Rxb3 32. Bxa5 Rd7 33. Rc3 (33. Bc3 $17) 33... Rxc3 34. Bxc3 $19 {[%mdl 4096] Endspiel und wenn Tb1 ginge, stände Weiss gut. KTL-KTS} Na6 ({Günstiger ist} 34... Rb7 $17 35. Rc2 Rb3) 35. Ba5 $1 $15 d4 36. Kf2 (36. e4 $1 $11) 36... dxe3+ $1 $17 37. Kxe3 Rd4 38. Bb6 {[#]} Rxa4 (38... Nb4 $1 $17 39. a5 Nd5+ 40. Ke2 Nf4+ 41. Kf1 Ra4) 39. Rd1 $11 Nb4 {Und weiter mit ...Sc2+ wäre nett.} 40. Rd6+ Kf7 {Droht stark ...Ta2.} 41. Bd8 Nd5+ 42. Ke2 $2 (42. Kf2 $11 {und Weiss steht sicher.}) 42... Rd4 $2 (42... e4 $19 {zielt auf ...Ta2+ ab.} 43. fxe4 Rxe4+ 44. Kf2 Re6 45. Rxe6 Kxe6) 43. Ba5 $2 {[%mdl 8192] [#]} (43. Kf2 $11 {und Weiss ist OK.}) 43... Nf4+ $1 $19 44. Ke3 Rxd6 45. Kf2 {Precision: Weiß = 24%, Schwarz = 54%.} (45. cxd6 $142 Ke6 46. Ke4) 0-1

[Event "29th Czech Open-Rapid 2018"]
[Site "Pardubice"]
[Date "2018.07.18"]
[Round "1"]
[White "Bente, Bjoern"]
[Black "Alekseev, Mikhail G"]
[Result "1-0"]
[WhiteElo "2219"]
[BlackElo "1855"]
[Annotator "NA"]
[PlyCount "63"]
[EventDate "2018.07.18"]
[EventType "swiss"]
[EventCountry "CZE"]
[SourceTitle "playchess.com"]
[Source "ChessBase"]
[SourceQuality "1"]
[TimeControl "900+10"]

1. e4 {[%emt 0:00:00]} c6 {[%emt 0:00:00]} 2. d4 {[%emt 0:00:00]} d5 {[%emt 0:00:00]} 3. e5 {[%emt 0:00:00]} c5 {[%emt 0:00:00]} 4. dxc5 {[%emt 0:00:00]} e6 {[%emt 0:00:16]} 5. a3 {[%emt 0:00:09]} Bxc5 {[%emt 0:00:41]} 6. b4 {[%emt 0:00:03]} Bb6 {[%emt 0:00:29]} 7. Nf3 {[%emt 0:00:02]} a5 {[%emt 0:00:38]} 8. b5 {[%emt 0:00:26]} Ne7 {[%emt 0:00:41]} 9. Bd3 {[%emt 0:00:21]} Ng6 {[%emt 0:00:21]} 10. O-O {[%emt 0:00:08]} Nd7 {[%emt 0:00:27]} 11. Bb2 {[%emt 0:00:30]} Nf4 {[%emt 0:00:46]} 12. Nbd2 {[%emt 0:00:24]} Nxd3 {[%emt 0:00:15]} 13. cxd3 {[%emt 0:00:01]} O-O {[%emt 0:01:23]} 14. a4 {[%emt 0:00:02]} Nc5 {[%emt 0:01:13]} 15. Qe2 {[%emt 0:00:19]} Ba7 {[%emt 0:01:44]} 16. Rfc1 {[%emt 0:00:14]} b6 {[%emt 0:00:27]} 17. Ba3 {[%emt 0:00:07]} Re8 {[%emt 0:00:35]} 18. Bxc5 {[%emt 0:00:26]} bxc5 {[%emt 0:00:03]} 19. Nb3 {[%emt 0:00:02]} Qc7 {[%emt 0:01:48]} 20. Nxc5 {[%emt 0:00:12]} Bxc5 {[%emt 0:00:03]} 21. d4 {[%emt 0:00:01]} Bd7 {[%emt 0:00:12]} 22. dxc5 {[%emt 0:00:03]} f6 {[%emt 0:00:17]} 23. c6 {[%emt 0:00:30]} Bc8 {[%emt 0:00:03]} 24. Rab1 {[%emt 0:00:27]} Rb8 {[%emt 0:00:07]} 25. Qe3 {[%emt 0:00:09]} Rb6 {[%emt 0:00:09]} 26. exf6 {[%emt 0:00:09]} gxf6 {[%emt 0:00:04]} 27. Qc3 {[%emt 0:00:02]} e5 {[%emt 0:00:21]} 28. Qxa5 {[%emt 0:00:05]} Bf5 {[%emt 0:00:08]} 29. Rb2 {[%emt 0:00:09]} d4 {[%emt 0:00:06]} 30. Nd2 {[%emt 0:00:50]} Bd3 {[%emt 0:00:36]} 31. Qb4 {[%emt 0:00:07]} Reb8 {[%emt 0:00:07]} 32. Qc5 {[%emt 0:00:10]} 1-0

[Event "29th Czech Open-Rapid 2018"]
[Site "Pardubice"]
[Date "2018.07.18"]
[Round "1"]
[White "Semjonovs, Ilja"]
[Black "Zdechovsky, Tobias"]
[Result "1-0"]
[WhiteElo "2219"]
[BlackElo "1675"]
[Annotator "TA"]
[PlyCount "49"]
[EventDate "2018.07.18"]
[EventType "swiss"]
[EventCountry "CZE"]
[SourceTitle "playchess.com"]
[Source "ChessBase"]
[SourceQuality "1"]

{[%evp 18,49,50,44,38,30,44,39,50,44,51,57,58,51,57,32,88,34,40,33,283,285,350,364,473,468,754,738,701,501,490,499,491,458]} 1. e4 c5 2. Nf3 d6 3. d4 cxd4 4. Nxd4 Nf6 5. Nc3 Nc6 6. g3 e5 7. Nde2 Be7 8. Bg2 O-O 9. O-O Be6 10. h3 {LiveBook: 11 Games} Qd7 {B56: Classical Sicilian: Unusual Lines} (10... Rc8 11. g4 h6 12. Ng3 a6 13. Nf5 b5 14. Nd5 Bxf5 15. Nxe7+ Qxe7 16. exf5 d5 17. c3 e4 18. Bf4 {0-1 (42) Fontaine,R (2563)-Gupta,A (2610) chess.com INT 2018}) 11. Kh2 Bc4 12. Be3 $146 ({Predecessor:} 12. b3 Ba6 13. Re1 Rac8 14. a3 Rfd8 15. Be3 Bxe2 16. Qxe2 Nb4 17. Qd2 d5 18. exd5 Nbxd5 19. Nxd5 Nxd5 20. Red1 Nf6 21. Qxd7 Rxd7 22. Rxd7 Nxd7 23. Bxb7 Rxc2 24. Bd5 Bc5 25. Bxc5 {½-½ (25) Griffiths,R (2107)-Bernard,J (2257) Hastings 2008}) 12... Rfd8 {White is slightly better.} 13. b3 Ba6 14. Qd2 Rac8 15. Rfe1 b6 16. Rad1 Bb7 (16... Nb8 $14) 17. Bg5 ({White should try} 17. g4 $16) 17... Nb4 18. a3 {[%cal Ba2a3,Ba3b4][%mdl 32]} Nxe4 $2 (18... Na6 $14) 19. Bxe4 $18 ({Don't take} 19. Nxe4 $6 Nxc2 20. Bxe7 Qxe7 $18) 19... Bxg5 20. Qxg5 Bxe4 21. Nxe4 {[#] Black must now prevent Nf6+.White is clearly winning.} Qe6 (21... h6 $142 22. Nf6+ Kh8) 22. axb4 f6 23. Nxf6+ Qxf6 24. Qxf6 gxf6 25. c4 1-0

[Event "29th Czech Open-Rapid 2018"]
[Site "Pardubice"]
[Date "2018.07.18"]
[Round "1"]
[White "Annenkov, Kirill"]
[Black "SALYKIN, ALEXANDR"]
[Result "1-0"]
[WhiteElo "2214"]
[BlackElo "1745"]
[Annotator "TA"]
[PlyCount "59"]
[EventDate "2018.07.18"]
[EventType "swiss"]
[EventCountry "CZE"]
[SourceTitle "playchess.com"]
[Source "ChessBase"]
[SourceQuality "1"]

{[%evp 22,59,78,39,70,43,66,65,85,85,95,64,106,102,138,124,271,128,147,108,102,102,102,103,105,104,104,99,102,104,106,104,102,82,174,170,192,179,612,586]} 1. d4 d5 2. c4 c6 3. cxd5 cxd5 4. Bf4 Nc6 5. e3 Nf6 6. Nc3 a6 7. Bd3 e6 8. Rc1 Bd6 9. Bxd6 {D10: Slav Defence: 3 cxd5 (without early Nf3) and 3 Nc3} Qxd6 10. f4 {[%cal Bf2f4,Bf4e5][%mdl 32]} Bd7 (10... O-O 11. Nf3 Bd7 12. Ne5 Rfc8 13. O-O Be8 14. g4 Nd7 15. g5 Ne7 16. Qf3 b5 {0-1 (35) Volkov,S (2627)-Cori Tello,J (2636) Sitges 2017}) 11. Nf3 b5 12. O-O {LiveBook: 3 Games} Ng4 13. Qe1 $146 ({Predecessor:} 13. Qe2 f5 14. h3 Nf6 15. Ne5 O-O 16. Bxb5 axb5 17. Nxb5 Nxd4 18. Nxd4 Rxa2 {½-½ (58) Hayrapetyan,H (2458)-Safarov,Z (2120) Al Ain 2013}) 13... f5 14. Ne5 Ngxe5 15. fxe5 Qe7 16. Qg3 g6 17. Ne2 O-O {[#]} 18. Nf4 $1 Qg7 {[#]} (18... Kh8 $16) 19. Rc5 (19. Nxe6 $1 $18 {[%mdl 512] is more deadly.} Bxe6 20. Rxc6) 19... Nb4 20. Bb1 Rac8 21. Rfc1 Rxc5 22. Rxc5 Rc8 23. Rxc8+ Bxc8 24. Qe1 Nc6 25. Qc3 Qc7 26. a3 {[%cal Ba2a3,Ba3b4][%mdl 32]} Qb6 27. Ba2 {And now Nxd5! would win.} b4 (27... Bd7 $16) 28. axb4 $18 {Nxd5! is the strong threat.} Kg7 29. h3 Bb7 $2 (29... Bd7 30. Nd3 Ne7) 30. Nxe6+ {Precision: White = 56%, Black = 19%.} 1-0

[Event "29th Czech Open-Rapid 2018"]
[Site "Pardubice"]
[Date "2018.07.18"]
[Round "1"]
[White "Zlatin, Alexander"]
[Black "Stocek, Jiri"]
[Result "1/2-1/2"]
[WhiteElo "2200"]
[BlackElo "2586"]
[Annotator "TA"]
[PlyCount "119"]
[EventDate "2018.07.18"]
[EventType "swiss"]
[EventCountry "CZE"]
[SourceTitle "playchess.com"]
[Source "ChessBase"]
[SourceQuality "1"]

{[%evp 12,119,29,-8,9,9,32,4,18,9,10,9,13,9,6,10,13,0,0,0,0,0,0,0,40,18,35,27,63,12,25,0,0,0,0,-14,0,-19,-24,-18,-4,-4,0,-14,0,0,0,0,0,-55,0,0,0,0,11,0,0,0,0,0,0,0,0,0,0,0,0,0,0,0,0,0,0,0,0,0,0,0,0,0,0,0,0,0,0,0,0,0,0,0,0,0,0,0,0,0,0,0,0,0,18,0,0,0,16,0,0,0,0,0]} 1. e4 c5 2. c3 Nf6 3. e5 Nd5 4. d4 cxd4 5. Nf3 e6 6. cxd4 b6 7. Be2 {LiveBook: 5 Games} Bb4+ {B22: Sicilian: 2 c3} (7... Bb7 8. O-O Be7 9. Bd2 O-O 10. Nc3 d6 11. Rc1 Nd7 12. Qa4 a6 13. exd6 Bxd6 14. Bg5 Be7 15. Bxe7 Nxe7 {0-1 (26) Nuber,B (2285)-Olszewski,M (2516) Nuremberg 2011}) 8. Bd2 Bxd2+ 9. Qxd2 O-O 10. O-O $146 ({Predecessor:} 10. Nc3 Nxc3 11. bxc3 Bb7 12. O-O Na6 13. Rfc1 Rc8 14. c4 d5 15. cxd5 Qxd5 {0-1 (29) Gottschalck,C (1676)-Wilsbeck,J (1825) Copenhagen 2002}) 10... Bb7 11. Na3 d6 12. Nb5 dxe5 13. dxe5 Nc6 14. Rfc1 Qe7 15. Nbd4 Rac8 16. Nxc6 Bxc6 17. Nd4 Bd7 18. a3 a5 19. Bf3 h6 20. g3 (20. Bxd5 $14 exd5 21. Rxc8 Rxc8 22. f4) 20... a4 21. Nf5 exf5 22. Qxd5 Be6 23. Qd4 Qa7 24. Qe3 Qa5 25. Be2 Rc5 26. Rxc5 bxc5 27. Rc1 Rc8 28. Bc4 Qb6 29. Bxe6 fxe6 $11 {[%mdl 4096] Endgame KQR-KQR} 30. Qc3 (30. Rc2 $11) 30... c4 ({Better is} 30... Rd8 $1 $15) 31. Rd1 {The position is equal.} Rc6 32. Rd7 Qc5 33. Rd6 Rxd6 34. exd6 Qxd6 35. Qxc4 {KQ-KQ} Qd1+ 36. Kg2 Kf7 37. Qc7+ Kf6 38. Qb8 Qd7 39. h4 e5 40. Qb6+ Kf7 41. Kh2 Qd4 42. Qc7+ Kg6 43. Qc6+ Kh7 44. Qc2 e4 45. Kg2 Qd5 46. Kg1 Qb5 47. Kg2 Kg6 48. Kg1 Kf6 49. Qc3+ Kf7 50. Qc7+ Kg6 51. Qc3 Qb6 52. Kg2 Qb7 53. Kh2 Qb5 54. Kg2 Kh7 55. Kg1 Qe2 56. Qd4 Qb5 57. Qc3 g5 58. Qf6 gxh4 59. Qf7+ Kh8 60. Qf8+ {Precision: White = 63%, Black = 58%.} 1/2-1/2

[Event "29th Czech Open-Rapid 2018"]
[Site "Pardubice"]
[Date "2018.07.18"]
[Round "1"]
[White "Soural, Jan"]
[Black "Ret, Adam Josef"]
[Result "1/2-1/2"]
[WhiteElo "2192"]
[BlackElo "1824"]
[Annotator "TA"]
[PlyCount "96"]
[EventDate "2018.07.18"]
[EventType "swiss"]
[EventCountry "CZE"]
[SourceTitle "playchess.com"]
[Source "ChessBase"]
[SourceQuality "1"]

{[%evp 10,96,25,12,26,11,14,8,22,19,19,14,14,15,16,-2,6,13,15,8,34,24,18,0,0,0,0,0,17,0,7,0,42,43,35,8,8,13,3,5,5,5,13,0,135,71,75,0,0,0,0,0,0,0,0,0,0,0,0,0,0,0,0,0,0,0,0,0,0,0,0,0,0,0,0,0,0,0,0,0,0,0,0,0,0,0,0,0,0]} 1. d4 Nf6 2. Nf3 d5 3. c4 c6 4. e3 e6 5. b3 Bb4+ (5... c5 6. Bb2 cxd4 7. exd4 dxc4 8. bxc4 Qa5+ 9. Nbd2 Ba3 10. Qc1 Bxb2 11. Qxb2 Nc6 12. Be2 Qb4 13. O-O-O {½-½ (57) Short,N (2698)-Duda,J (2706) Heraklio 2017}) 6. Bd2 {LiveBook: 11 Games. D30: Queen's Gambit Declined: Systems without Nc3} Bxd2+ (6... Bd6 {is more complex.} 7. Bd3 b6 8. O-O Bb7 9. Nc3 O-O) 7. Nbxd2 O-O 8. Bd3 Nbd7 9. O-O b6 10. e4 $146 ({Predecessor:} 10. cxd5 exd5 11. Rc1 Bb7 12. Qe2 Re8 13. Ba6 Qc8 14. Bxb7 Qxb7 15. Rc2 Rac8 16. Rfc1 Ne4 17. Nxe4 dxe4 18. Nd2 c5 19. dxc5 Nxc5 20. h3 {½-½ (20) Kleibel,U (2187)-Bauer,L (1913) Rosenheim 2017}) 10... dxe4 11. Nxe4 Qc7 12. Qc2 Nxe4 13. Bxe4 Nf6 14. c5 bxc5 15. dxc5 Bb7 16. b4 a5 17. a3 axb4 18. axb4 Rfd8 19. Rfd1 Rxd1+ 20. Rxd1 Rd8 21. Rxd8+ Qxd8 22. g3 Nxe4 23. Qxe4 Qd1+ 24. Kg2 $1 Ba6 {[%csl Ga6][%cal Rd1f1] [#]} 25. g4 Bb5 26. Qd4 Qf1+ (26... Qxd4 $11 27. Nxd4 Bc4) 27. Kg3 $16 {[%cal Rd4d8]} h6 {[#]} 28. h4 (28. Qd8+ $1 $16 Kh7 29. Qe7) 28... Be2 $11 {The position is equal.} 29. Qe4 Bxf3 30. Qxf3 {[%mdl 4096] Endgame KQ-KQ} Qb5 31. Qe4 g6 32. Qd4 Qb8+ 33. Qf4 Qb7 34. Qd4 Qb8+ 35. Qf4 Qb7 36. Qxh6 Qxb4 37. Qe3 Qb8+ 38. Qf4 Qxf4+ 39. Kxf4 {Ke5 is the strong threat. KP-KP} f6 40. g5 Kf7 41. Ke4 Ke7 42. Kd4 e5+ 43. Ke4 Ke6 44. gxf6 Kxf6 45. f4 exf4 46. Kxf4 Kf7 47. Kg4 Kf6 48. Kf4 Kf7 {Precision: White = 57%, Black = 73%.} 1/2-1/2

[Event "29th Czech Open-Rapid 2018"]
[Site "Pardubice"]
[Date "2018.07.18"]
[Round "1"]
[White "Priyanka Nutakki"]
[Black "Rosko, Lubos"]
[Result "1/2-1/2"]
[WhiteElo "2180"]
[BlackElo "2279"]
[Annotator "TA"]
[PlyCount "106"]
[EventDate "2018.07.18"]
[EventType "swiss"]
[EventCountry "CZE"]
[SourceTitle "playchess.com"]
[Source "ChessBase"]
[SourceQuality "1"]

{[%evp 13,106,11,8,20,15,0,10,4,11,0,0,-39,-37,-68,-67,-58,-51,-89,-79,-75,-46,-66,-69,-66,-66,-71,-55,-53,-49,-66,-18,-23,-22,-30,-30,-32,-32,-32,-32,-32,-34,-39,-37,-44,-37,-42,-29,-29,-29,-22,-14,-20,-14,-14,-14,-14,0,0,0,-2,0,0,0,0,0,0,0,-8,-8,-8,-8,-18,0,0,8,8,8,0,28,0,8,0,8,8,19,8,8,0,19,0,9,0,50,0,8]} 1. e4 c5 2. Nf3 d6 3. d4 cxd4 4. Qxd4 a6 5. c4 Nc6 6. Qd3 g6 {B53: Sizilianisch (Ungarische Variante)} 7. Nc3 Bg7 {LiveBook: 9 Partien} 8. Be3 (8. Be2 Bg4 9. O-O Nf6 10. h3 Bxf3 11. Qxf3 Rc8 12. Rd1 Ne5 13. Qe3 Nxc4 14. Bxc4 Rxc4 {0-1 (59) Naiditsch,A (2700)-Motylev,A (2677) Poikovsky 2009}) 8... Nf6 9. h3 O-O 10. Be2 Nd7 11. O-O Nc5 12. Bxc5 dxc5 13. Qxd8 Rxd8 14. Na4 $146 Nd4 15. Bd1 Nxf3+ 16. Bxf3 Bd4 17. Rad1 Be6 18. Nb6 Rab8 19. b3 Rd6 20. Nd5 Kf8 21. Rfe1 Bxd5 22. exd5 b5 23. cxb5 axb5 24. b4 Ra6 {Und ...Lc3 würde nun gewinnen.} 25. Re2 {Droht Tc2.} Ra4 26. bxc5 Bxc5 27. Rc2 Bd6 28. g3 h5 29. h4 Ra3 30. Kg2 Rba8 31. Rdd2 R8a4 32. Be2 b4 33. Bc4 Rc3 34. Bb3 Ra5 35. Rxc3 bxc3 $11 {[%mdl 4096] Endspiel KTL-KTL} 36. Rc2 Be5 37. Kf3 Rb5 38. Ke4 Bf6 39. Kd3 Rb4 40. Ke3 Ke8 41. Kd3 Kd7 42. Re2 Kd6 43. Re4 Rb8 44. Rc4 Kd7 45. Ba4+ Kd6 46. Bb3 (46. Ke4 $5 {[%cal Rc4c6]} e6 47. dxe6 Kxe6 48. Rc6+ Ke7 49. Rc7+ Kf8 50. Bb3 Re8+ 51. Kf3 $11) 46... Ra8 47. Ra4 Rb8 48. Ra6+ Kd7 49. Ra7+ Kd6 50. Ra6+ Kd7 51. Ra7+ Kd6 52. Ra6+ Kd7 53. Ra7+ (53. d6 $5) 53... Kd6 {Precision: Weiß = 52%, Schwarz = 60%.} 1/2-1/2

[Event "29th Czech Open-Rapid 2018"]
[Site "Pardubice"]
[Date "2018.07.18"]
[Round "1"]
[White "Ruzicka, Josef"]
[Black "Neuman, Petr"]
[Result "0-1"]
[WhiteElo "2139"]
[BlackElo "2440"]
[Annotator "NA RC"]
[PlyCount "97"]
[EventDate "2018.07.18"]
[EventType "swiss"]
[EventCountry "CZE"]
[SourceTitle "playchess.com"]
[Source "ChessBase"]
[SourceQuality "1"]
[TimeControl "900+10"]

1. e4 {[%emt 0:00:00]} c5 {[%emt 0:00:00]} 2. Nc3 {[%emt 0:00:06]} d6 {[%emt 0:00:00]} 3. f4 {[%emt 0:00:07]} g6 {[%emt 0:00:00]} 4. Nf3 {[%emt 0:00:19]} Bg7 {[%emt 0:00:00]} 5. Bb5+ {[%emt 0:00:17]} Bd7 {[%emt 0:00:12]} 6. Bxd7+ {[%emt 0:00:08]} Qxd7 {[%emt 0:00:02]} 7. O-O {[%emt 0:00:16]} Nc6 {[%emt 0:00:03]} 8. d3 {[%emt 0:00:10]} Nf6 {[%emt 0:00:17]} 9. Qe1 {[%emt 0:01:26]} O-O {[%emt 0:00:24]} 10. Qh4 {[%emt 0:01:00]} Qg4 {[%emt 0:00:29]} 11. Qf2 {[%emt 0:03:26]} Qd7 {[%emt 0:00:23]} 12. Qh4 {[%emt 0:00:03]} d5 {[%emt 0:00:29]} 13. e5 {[%emt 0:00:21]} Ne8 {[%emt 0:00:02]} 14. Bd2 {[%emt 0:00:33]} f6 {[%emt 0:00:35]} 15. Rae1 {[%emt 0:00:32]} Nc7 {[%emt 0:00:01]} 16. Nd1 {[%emt 0:02:55]} Ne6 {[%emt 0:03:48]} 17. c3 {[%emt 0:00:37]} f5 {[%emt 0:00:12]} 18. Ng5 {[%emt 0:01:29]} Nxg5 {[%emt 0:00:03]} 19. Qxg5 {[%emt 0:00:03]} Nd8 {[%emt 0:00:18]} 20. h4 {[%emt 0:00:27]} Ne6 {[%emt 0:00:20]} 21. Qg3 {[%emt 0:00:01]} Kf7 {[%emt 0:01:27]} 22. Nf2 {[%emt 0:00:25]} h5 {[%emt 0:00:05]} 23. Nh3 {[%emt 0:00:06]} Bh6 {[%emt 0:00:01]} 24. Be3 {[%emt 0:01:26]} Qb5 {[%emt 0:00:28]} 25. Bc1 {[%emt 0:00:33]} a5 {[%emt 0:00:28]} 26. Qf3 {[%emt 0:00:26]} Qc6 {[%emt 0:00:04]} 27. c4 {[%emt 0:00:52]} Rfd8 {[%emt 0:00:12]} 28. Be3 {[%emt 0:00:07]} Rac8 {[%emt 0:00:16]} 29. Rc1 {[%emt 0:00:02]} b6 {[%emt 0:00:51]} 30. Rfd1 {[%emt 0:00:02]} Qd7 {[%emt 0:01:31]} 31. Kh1 {[%emt 0:00:15]} a4 {[%emt 0:00:21]} 32. Kh2 Ra8 {[%emt 0:00:32]} 33. Kg3 {[%emt 0:00:42]} b5 {[%emt 0:00:15]} 34. cxb5 {[%emt 0:00:54]} Qxb5 {[%emt 0:00:04]} 35. Rc2 {[%emt 0:00:05]} Rac8 {[%emt 0:00:33]} 36. Bf2 {[%emt 0:00:09]} c4 {[%emt 0:02:55]} 37. dxc4 {[%emt 0:00:00]} dxc4 {[%emt 0:00:13]} 38. Rcd2 {[%emt 0:00:20]} Rxd2 {[%emt 0:01:03]} 39. Rxd2 {[%emt 0:00:00]} Qb4 {[%emt 0:00:11]} 40. Qe2 {[%emt 0:00:24]} c3 {[%emt 0:00:05]} 41. bxc3 {[%emt 0:00:03]} Bxf4+ {[%emt 0:00:21]} 42. Nxf4 {[%emt 0:00:16]} Qxf4+ {[%emt 0:00:02]} 43. Kh3 {[%emt 0:00:01]} Rxc3+ {[%emt 0:00:10]} 44. g3 {[%emt 0:00:07]} Qc4 {[%emt 0:00:14]} 45. Qxc4 {[%emt 0:00:29]} Rxc4 {[%emt 0:00:00]} 46. Kg2 {[%emt 0:00:05]} Re4 {[%emt 0:00:06]} 47. Rd5 {[%emt 0:00:17]} Re2 {[%emt 0:00:15]} 48. a3 {[%emt 0:00:04]} Ra2 {[%emt 0:00:01]} 49. Rd3 {[%emt 0:00:01]} 0-1

[Event "29th Czech Open-Rapid 2018"]
[Site "Pardubice"]
[Date "2018.07.18"]
[Round "1"]
[White "Roessler, Ulrike"]
[Black "Boruchovsky, Avital"]
[Result "0-1"]
[WhiteElo "2137"]
[BlackElo "2558"]
[Annotator "TA"]
[PlyCount "48"]
[EventDate "2018.07.18"]
[EventType "swiss"]
[EventCountry "CZE"]
[SourceTitle "playchess.com"]
[Source "ChessBase"]
[SourceQuality "1"]

{[%evp 9,48,0,15,-62,-73,-89,-82,-126,-94,-229,-210,-337,-343,-339,-348,-600,-572,-600,-597,-676,-463,-457,-441,-532,-529,-522,-501,-531,-517,-520,-533,-533,-528,-519,-512,-541,-479,-467,-470,-586,-589]} 1. e4 c6 {[%cal Bc7c6,Bc6c5][%mdl 32]} 2. d4 d5 3. e5 c5 4. c3 Nc6 5. Nf3 Bg4 {LiveBook: 29 Games} 6. h3 {B12: Caro-Kann: Advance Variation} (6. dxc5 $11 e6 7. b4) (6. Be2 e6 7. Nbd2 Rc8 8. O-O a6 9. h3 Bh5 10. Re1 Bg6 11. Nf1 cxd4 12. Nxd4 Nxd4 13. Qxd4 Ne7 14. Bg5 {0-1 (36) Yuffa,D (2534)-Romanov,E (2619) Sochi 2016}) 6... Bxf3 $1 $15 7. gxf3 e6 8. a3 $146 {Black is better.} ({Predecessor:} 8. f4 Qb6 9. Bg2 cxd4 10. cxd4 Nge7 11. Nc3 Nf5 12. Ne2 Bb4+ 13. Kf1 Ncxd4 14. Nxd4 Nxd4 {0-1 (52) Crouch,T (1657)-Steele,B (1542) London 2012}) 8... Nge7 9. Bg5 (9. dxc5 $17 Nf5 10. b4) 9... Qb6 10. dxc5 (10. Bc1 {was called for.}) 10... Qxb2 $19 11. Nd2 Qxc3 12. f4 $2 {[#]} (12. Be3) 12... Nf5 {Black is clearly winning.} 13. Rc1 Qxa3 14. Nf3 Bxc5 15. Bd3 h6 16. Bh4 Nxh4 17. Nxh4 Qb4+ 18. Kf1 Qxf4 {[%csl Gc5][%cal Rf4f2] [#]} 19. Rxc5 Qxh4 20. Bb5 O-O 21. Bxc6 bxc6 22. Qf3 Rab8 23. Kg2 Qg5+ 24. Kh2 Qxe5+ 0-1

[Event "29th Czech Open-Rapid 2018"]
[Site "Pardubice"]
[Date "2018.07.18"]
[Round "1"]
[White "Lushnikov, Evgeny"]
[Black "Tomek, Karel"]
[Result "*"]
[WhiteElo "2136"]
[BlackElo "1785"]
[Annotator "NA"]
[PlyCount "57"]
[EventDate "2018.07.18"]
[EventType "swiss"]
[EventCountry "CZE"]
[SourceTitle "playchess.com"]
[Source "ChessBase"]
[SourceQuality "1"]

{[%emt 0:02:06]} 1. e4 {[%emt 0:00:00]} c5 {[%emt 0:00:00]} 2. Nf3 {[%emt 0:00:00]} Nc6 {[%emt 0:00:00]} 3. Bb5 {[%emt 0:00:00]} d6 {[%emt 0:00:58]} 4. O-O {[%emt 0:00:00]} Bd7 {[%emt 0:00:01]} 5. Re1 {[%emt 0:00:03]} e5 {[%emt 0:00:16]} 6. c3 {[%emt 0:00:02]} Nf6 {[%emt 0:00:04]} 7. d4 {[%emt 0:00:01]} Be7 {[%emt 0:00:20]} 8. dxc5 {[%emt 0:01:31]} dxc5 {[%emt 0:00:08]} 9. Na3 {[%emt 0:00:03]} Qc7 {[%emt 0:00:13]} 10. Nc4 {[%emt 0:00:17]} O-O-O {[%emt 0:03:09]} 11. Qc2 {[%emt 0:00:27]} Be6 {[%emt 0:00:33]} 12. Bg5 {[%emt 0:01:54]} h6 {[%emt 0:00:06]} 13. Bh4 {[%emt 0:00:11]} g5 {[%emt 0:00:17]} 14. Bg3 {[%emt 0:00:01]} Nd7 {[%emt 0:00:05]} 15. Bxc6 {[%emt 0:00:12]} Qxc6 {[%emt 0:00:59]} 16. Ncxe5 {[%emt 0:00:08]} Nxe5 {[%emt 0:00:09]} 17. Nxe5 {[%emt 0:00:01]} Qa6 {[%emt 0:00:17]} 18. a4 {[%emt 0:05:55]} h5 {[%emt 0:00:03]} 19. h3 {[%emt 0:00:04]} h4 {[%emt 0:00:10]} 20. Bh2 {[%emt 0:00:03]} Bd6 21. Rad1 {[%emt 0:00:47]} Qb6 {[%emt 0:04:31]} 22. b4 {[%emt 0:01:13]} c4 {[%emt 0:00:20]} 23. a5 {[%emt 0:00:46]} Qc7 {[%emt 0:00:07]} 24. Nf3 {[%emt 0:00:34]} g4 {[%emt 0:01:56]} 25. hxg4 {[%emt 0:01:11]} Bxg4 {[%emt 0:00:07]} 26. Bxd6 {[%emt 0:00:26]} Rxd6 {[%emt 0:00:04]} 27. Rxd6 {[%emt 0:00:02]} Qxd6 {[%emt 0:00:10]} 28. e5 {[%emt 0:00:37]} Qc7 {[%emt 0:01:22]} 29. Qe4 {[%emt 0:00:58]} *